| 000 | 01794nam a2200229Ia 4500 | ||
|---|---|---|---|
| 003 | Ost | ||
| 005 | 20260507075729.0 | ||
| 008 | 260507s9999||||xx |||||||||||||| ||und|| | ||
| 020 | _a2684279953 | ||
| 040 | _cfsecg | ||
| 041 | _aara | ||
| 082 | _a346.02 | ||
| 100 |
_aبينابنت، آلان _eمؤلف |
||
| 245 | 0 |
_aالقانون المدني، العقود الخاصة المدنية والتجارية / _c آلان بينابنت |
|
| 260 |
_aلبنان: _bالمؤسسة الجامعية للدراسات, _c2004 |
||
| 300 | _a751 صفحة؛ | ||
| 504 | _aقائمة المختصرات: ص. 03 | ||
| 520 | _aدراسة العقود الخاصة المدنية والتجارية، وهي امتداد طبيعي للنظرية العامة للموجبات، تقدّم إعمالها في مختلف القطاعات الاقتصادية. وهذا المؤلّف، وهو في منتصف الطريق بين المطوّل والوسيط، يطمح الى التنسيق بين تقديم تام جداً للقانون الوضعي والقانوني والإجتهادي والإرتباط بالحلول الملموسة للمنطوق النظري الذي يعطيها معناها ولمداها وحدودها وهذا الكتاب قسم الى ثلاث أجزاء بدأ من العقود الناقلة للملكية 12 الى 289 ثم تلاه الجزء الثاني العقود المتعلقة باستعمال الاموال 300إلى 461 ثم الجزء الثالث عقود الخدمات 470إلى 811 والجزء الرابع كان على غقود الاعتماد 820إلى 906 وأخيرا الجزء الخامس عقود الغرر 920إلى 1023 | ||
| 653 | _aالعقود الخاصة | ||
| 653 | _aقانون مدني | ||
| 942 | _cكتاب | ||
| 999 |
_c46014 _d46014 |
||